Building control with passive dampers : (Record no. 13549)
[ view plain ]
| 000 -LEADER | |
|---|---|
| fixed length control field | 01318cam a22003258a 4500 |
| 001 - CONTROL NUMBER | |
| control field | 15806090 |
| 005 - DATE AND TIME OF LATEST TRANSACTION | |
| control field | 20100219101551.0 |
| 008 - FIXED-LENGTH DATA ELEMENTS--GENERAL INFORMATION | |
| fixed length control field | 090707s2010 si b 001 0 eng |
| 010 ## - LIBRARY OF CONGRESS CONTROL NUMBER | |
| LC control number | 2009025377 |
| 020 ## - INTERNATIONAL STANDARD BOOK NUMBER | |
| International Standard Book Number | 9780470824917 (cloth) |
| 040 ## - CATALOGING SOURCE | |
| Original cataloging agency | DLC |
| Transcribing agency | DLC |
| 050 00 - LIBRARY OF CONGRESS CALL NUMBER | |
| Classification number | TA654.9 |
| Item number | .T35 2010 |
| 082 00 - DEWEY DECIMAL CLASSIFICATION NUMBER | |
| Classification number | 693.852 |
| Edition number | 22 |
| Item number | TAK |
| 100 1# - MAIN ENTRY--PERSONAL NAME | |
| Personal name | Takewaki, Izuru. |
| 9 (RLIN) | 12079 |
| 245 10 - TITLE STATEMENT | |
| Title | Building control with passive dampers : |
| Statement of responsibility, etc | Izuru Takewaki. |
| Remainder of title | Optimal performance - Based Design for earthquakes / |
| 260 ## - PUBLICATION, DISTRIBUTION, ETC. (IMPRINT) | |
| Place of publication, distribution, etc | Singapore ; |
| -- | Hoboken, NJ : |
| Name of publisher, distributor, etc | J. Wiley & Sons (Asia), |
| Date of publication, distribution, etc | c2010. |
| 263 ## - PROJECTED PUBLICATION DATE | |
| Projected publication date | 0910 |
| 300 ## - PHYSICAL DESCRIPTION | |
| Extent | 306p: |
| Other physical details | ill ; |
| Dimensions | 24 cm. |
| 500 ## - GENERAL NOTE | |
| General note | Includes Index. |
| 504 ## - BIBLIOGRAPHY, ETC. NOTE | |
| Bibliography, etc | Includes bibliographical references and index. |
| 650 #0 - SUBJECT ADDED ENTRY--TOPICAL TERM | |
| Topical term or geographic name as entry element | Earthquake resistant design. |
| 9 (RLIN) | 12080 |
| 650 #0 - SUBJECT ADDED ENTRY--TOPICAL TERM | |
| Topical term or geographic name as entry element | Buildings |
| General subdivision | Earthquake effects. |
| 9 (RLIN) | 12081 |
| 650 #0 - SUBJECT ADDED ENTRY--TOPICAL TERM | |
| Topical term or geographic name as entry element | Damping (Mechanics) |
| 9 (RLIN) | 12082 |
| 650 #0 - SUBJECT ADDED ENTRY--TOPICAL TERM | |
| Topical term or geographic name as entry element | Buildings |
| General subdivision | Vibration. |
| 9 (RLIN) | 12083 |
| 650 #0 - SUBJECT ADDED ENTRY--TOPICAL TERM | |
| Topical term or geographic name as entry element | Structural control (Engineering) |
| 9 (RLIN) | 12084 |
| 942 ## - ADDED ENTRY ELEMENTS (KOHA) | |
| Source of classification or shelving scheme | Dewey Decimal Classification |
| Item type | Book - Borrowing |
| Withdrawn status | Item status | Source of classification or shelving scheme | Damaged status | Not for loan | Vendor | Home library | Current library | Shelving location | Date acquired | Source of acquisition | Total Checkouts | Full call number | Barcode | Date last seen | Koha item type |
|---|---|---|---|---|---|---|---|---|---|---|---|---|---|---|---|
| Dewey Decimal Classification | Baccah | Central Library | Central Library | First floor | 01/03/2010 | 693.852 TAK | 000019841 | 15/07/2025 | Book - Borrowing | ||||||
| Dewey Decimal Classification | Baccah | Central Library | Central Library | First floor | 01/03/2010 | 693.852 TAK | 000019842 | 15/07/2025 | NB - Book (Non borrowing) |